000 01490nam a2200373 c 4500
003 BLK
005 20240329122023.0
008 180411b bul|||||r ||||||| ||bul||
010 _aKNG00199420000
020 _a978-954-660-679-2
_bиздат.: ПАН
040 _aBLK
041 _aBUL
_cBUL
072 7 _2bullib
_aН85
_xДетска художествена литература Н
080 _aБългарска литература
_b821.163.2
_x-93-34
_z821.163.2-93-34
700 1 _aТанев, Кирил Танев
_eхудож.
_9378444
139 _aДядо и внуче и други приказки
_bД 99
245 1 0 _aДядо и внуче и други приказки
_cхудож. Кирил Танев Танев.
257 _aBGR
260 София
_bПАН
_c2016
300 _a16 с.
_bс цв. ил.
_c24 см
380 _aDX
490 1 _aВече мога да чета
500 _aСъдържа : Овен и козел ; Мишката и къртицата ; Вълкът и овчарят ; Дядо и внуче ; Горделивец.
653 _aприказки
653 _aлитература за деца
653 _aдетска литература
659 _aН
852 _aЦб 284119
856 4 _qpdf
_u
856 4 _qpdf
_u
942 _cKNG
_n0
_010
944 _aCR
_c25.01.2017
_lГалина Якимова
_k30564
944 _aED
_c03.10.2017
_lф /
_kВиолета_Тройчева
999 _c190285
_d190285